| 000 | 00747nam a2200205 u 4500 | ||
|---|---|---|---|
| 001 | 000481654 | ||
| 003 | AM-YeHGA | ||
| 005 | 20250617134133.0 | ||
| 008 | 060327s1978 ||| r 000 0 rus d | ||
| 040 | _aAM-YeHGA | ||
| 041 | 0 | _arus | |
| 100 | 1 | _aРаковский, Леонтий Иосифович | |
| 245 | 1 | 0 |
_aЖизни наперекор : _bПовесть о Марлинском / _cЛеонтий Раковский. |
| 260 |
_aЛенинград : _bЛениздат, _c1978. |
||
| 300 |
_a238 с. _b[1] л. портр., ил. |
||
| 600 | 1 | 4 | _aБестужев-Марлинский, Александр |
| 653 | 0 | _aПисатели русские 19 в. (х. л.) | |
| 653 | 0 | _aДекабристы (х. л.) | |
| 090 | _c178342 | ||
| 999 |
_c176898 _d176898 |
||